• 首页
  • 本馆介绍
  • 公告通知
  • 最新文献
  • 馆藏检索
  • 电子资源
  • 读者导购
  • 参考咨询
  • 我的图书馆
  • 登录
  • 详细信息显示
  • 放入我的书架
  • 预约/预借图书
  • 作者相关作品
  • 分类相关作品
  • 丛书相关作品
  • 出版社相关作品

书目信息

  • 表格格式
  • 工作单格式
  • 卡片格式
题名:
瓦格纳歌剧《帕西法尔》研究
    
 
作者: 康啸 著
分册:  
出版信息: 北京   文化艺术出版社  2020.11
页数: 485页
开本: 24cm
丛书名: 中国音乐学院博士文库
单 册:
中图分类: J617.2
科图分类:
主题词:
电子资源:
ISBN: 978-7-5039-6859-4
000 00932nam0 2200253 45
001 012001001833
005 20141011152109.0
010    @a978-7-5039-6859-4@dCNY98.00
100    @a20210326d2020 em y0chiy50 ea
101 0  @achi
102    @aCN@b110000
105    @aag z 000yy
106    @ar
200 1  @a瓦格纳歌剧《帕西法尔》研究@Awa ge na ge ju《pa xi fa er》yan jiu@b专著@f康啸著
210    @a北京@c文化艺术出版社@d2020.11
215    @a485页@c图,照片@d24cm
225 1  @a中国音乐学院博士文库
330    @a本书分为《帕西法尔》的创作与演出、《帕西法尔》的音乐表现与戏剧内涵上下两篇,共六章,内容包括:歌剧脚本、乐谱的形成、歌剧演出、主导动机、歌剧的交响性、无终旋律。
461  0 @12001 @a中国音乐学院博士文库
600  0 @a瓦格纳@c(Wagner, Wilhelm Richard@f1813-1883)@x歌剧@x音乐评论
690    @aJ617.2@v5
701  0 @a康啸@Akang xiao@4著
801  2 @aCN@b江苏凤凰@c20211018
905    @b1345899-901@dJ617.2@e1388@f3
    
    瓦格纳歌剧《帕西法尔》研究/康啸著.-北京:文化艺术出版社,2020.11
    485页:图,照片;24cm.-(中国音乐学院博士文库)
    
    
    ISBN 978-7-5039-6859-4:CNY98.00
    本书分为《帕西法尔》的创作与演出、《帕西法尔》的音乐表现与戏剧内涵上下两篇,共六章,内容包括:歌剧脚本、乐谱的形成、歌剧演出、主导动机、歌剧的交响性、无终旋律。
●
相关链接 在E读中查询图书 在五车中查询图书 在当当中查询图书 在豆瓣中查询图书


正题名:瓦格纳歌剧《帕西法尔》研究     索取号:J617.2/1388         预约/预借

序号 登录号 条形码 馆藏地/架位号 状态 备注
1 1345899   213458998   第一样本阅览室/ [索取号:J617.2/1388] 在馆    
2 1345900   213459005   第一借阅区/ [索取号:J617.2/1388] 在馆    
3 1345901   213459014   第一借阅区/ [索取号:J617.2/1388] 在馆    
唐山师范学院图书馆 欢迎您!
大连网信软件有限公司© 版权所有